Представление документа в формате MARC21

Поле Инд. ПП Название Значение
Тип записи a
Библиографический уровень b
001 Контрольный номер RU/IS/BASE/202324730
005 Дата корректировки 20220715140326.7
008 Кодируемые данные 20060530
084 a Индекс другой классификации/Индекс ББК 60.561.36; 66.3(2Рос),41; 66.69(2Рос)
100 1_ a Автор Малахова В. В.
q Полное имя Малахова Венера Викторовна
245 a Заглавие Семейная политика в программных документах политических партий и блоков
b Продолж. заглавия (социологический анализ предвыборной кампании в Государственную Думу 2003 г.)
504 a Библиография Библиогр. ссылки. - Примеч.
650 a Основная рубрика внутренняя политика
a Основная рубрика политика
a Основная рубрика политическая социология
a Основная рубрика политические партии
a Основная рубрика социология
653 a Ключевые слова выборы в Государственную думу РФ
a Ключевые слова политические программы
a Ключевые слова предвыборная кампания
a Ключевые слова Россия
a Ключевые слова семейная политика
a Ключевые слова социальная защита
a Ключевые слова социальная политика
773 t Заглавие источника Вестник Московского университета. Серия 18, Социология и политология
d Дата издания источника 2006
g Прочая информация № 1. - С. 161 - 179
w Контрольный № источника RU/IS/BASE/199372887
901 t Тип документа b